Literal Literary Characters Quiz Stats

Quiz Updated Apr 3, 2015

Challenge
Share
Tweet
Score 0/20 Timer 06:00
2 Plays Today
% Correct
Peter Pan from Peter and Wendy
97%
Atticus Finch from To Kill a Mockingbird
82.6%
Benjamin Button from The Curious Case of Benjamin Button
81.2%
Harry Potter from the Harry Potter series
81.2%
Charlie Bucket from Charlie and the Chocolate Factory
81%
Jon Snow from the A Song of Ice and Fire series
68.7%
Ichabod Crane from The Legend of Sleepy Hollow
60.5%
Oliver Twist from Oliver Twist
57.8%
Pippi Longstocking from the Pippi Longstocking series
57.2%
Bella Swan from the Twilight series
57%
% Correct
Uriah Heep from David Copperfield
51.7%
Sam Spade from The Maltese Falcon
47.8%
Billy Pilgrim from Slaughterhouse-Five
45.3%
George Smiley from several John le Carré novels
44.6%
Dorothy Gale from the Oz novels
44.2%
Rhett Butler from Gone with the Wind
41.6%
Phileas Fogg from Around the World in 80 Days
40.3%
Jo March from Little Women
32.2%
Auric Goldfinger from Goldfinger
25.7%
Kilgore Trout from several Kurt Vonnegut novels
20.1%

You're not logged in!

Compare scores with friends on all Sporcle quizzes.
Sign Up with Email
OR
Log In

You Might Also Like...

Show Comments

Extras

Top Quizzes Today


Score Distribution

Your Account Isn't Verified!

In order to create a playlist on Sporcle, you need to verify the email address you used during registration. Go to your Sporcle Settings to finish the process.